NFL Defensive players who scored a touchdown - 2019 - Statistics

General Stats
  • This quiz has been taken 28 times
  • The average score is 11 of 63
Answer Stats
Team Answer TDs % Correct
LAR/BAL Marcus Peters 3
68%
TB Devin White 2
60%
TEN Tye Smith 1
56%
ATL Deion Jones 1
52%
NYJ Jamal Adams 2
48%
DEN Kareem Jackson 1
48%
BAL Marlon Humphrey 2
48%
MIA/PIT Minkah Fitzpatrick 2
48%
SF Richard Sherman 1
48%
NE Stephon Gilmore 2
48%
SEA Jadeveon Clowney 2
44%
TB Ndamukong Suh 2
40%
LAR Darious WIlliams 1
36%
NO Marcus WIlliams 1
36%
TEN Javon Brown 1
24%
MIN Anthony Harris 1
20%
OAK Erik Harris 2
20%
NE Jamie Collins 1
20%
KC Bashaud Breeland 1
16%
JAX Calais Campbell 1
16%
CLE Denzel Ward 1
16%
SF Fred Warner 1
16%
DAL Jourdan Lewis 1
16%
CAR Brian Burns 1
12%
NYJ Brian Poole 1
12%
IND Darius Leonard 1
12%
SF DeForest Buckner 1
12%
PIT Devin Bush 1
12%
SF D.J. Reed 1
12%
NE Dont'a Hightower 1
12%
CHI Ha-Ha Clinton-Dix 1
12%
NE Kyle van Noy 1
12%
BUF Micah Hyde 1
12%
DET/SEA Quandre Diggs 1
12%
HOU Bradley Roby 1
8%
NYJ C.J. Mosley 1
8%
BAL Jordan Richards 1
8%
TEN Malcolm Butler 1
8%
TB/HOU Vernon Hargreaves 1
8%
CIN Brandon Wilson 1
4%
MIA Christian Wilkins 1
4%
LAR Dante Fowler 1
4%
LAC Desmond King 1
4%
MIA Eric Rowe 1
4%
MIN Ifeadi Odenigbo 1
4%
KC Juan Thornhill 1
4%
PHI Nigel Bradham 1
4%
TB Sean Murphy-Bunting 1
4%
NO Vonn Bell 1
4%
NO A.J. Klein 1
0%
SF Akhello Witherspoon 1
0%
NYJ Arthur Maulet 1
0%
NYJ B.J. Bello 1
0%
DET Devon Kennard 1
0%
NYG Jabrill Peppers 1
0%
NYG Markus Golden 1
0%
PHI Nathan Gerry 1
0%
PHI Orlando Scandrick 1
0%
KC Reggie Ragland 1
0%
HOU Tashaun Gipson 1
0%
LAR Taylor Rapp 1
0%
BAL Tyus Bowser 1
0%
JAX Yannick Ngakoue 1
0%
No matching quizzes found
Score Distribution
Percent of People with Each Score
Percentile by Number Answered
Your Score History
You have not taken this quiz